Studies on factors affecting the quality of radiation vulcanized altex (Record no. 74414)

MARC details
000 -LEADER
fixed length control field 00393nam a2200133Ia 4500
100 ## - MAIN ENTRY--AUTHOR NAME
Personal name Leni Lal
245 #0 - TITLE STATEMENT
Title Studies on factors affecting the quality of radiation vulcanized altex
260 ## - PUBLICATION, DISTRIBUTION, ETC. (IMPRINT)
Name of publisher Mahatma Gandhi University
Place of publication Kottayam
Year of publication 2010
500 ## - GENERAL NOTE
General note Available in RT
500 ## - GENERAL NOTE
General note Course: B.Tech
700 ## - ADDED ENTRY--PERSONAL NAME
Personal name Dr Rosamma Alex
942 ## - ADDED ENTRY ELEMENTS (KOHA)
Koha item type Theses
Holdings
Withdrawn status Lost status Damaged status Not for loan Collection code Home library Current library Shelving location Date acquired Koha item type
      Theses Dissertation RRII Library RRII Library Rubber technology 31/12/2021 Theses